Responses for show #6932 - Tuesday, November 4, 2014

Contestants

[<< previous game]

Caitlin Malcuit, a writer and editor from North Reading, Massachusetts

Jason Newell, a quality analyst from Chicago, Illinois

Casey LaPlante, a high school media specialist from Enfield, Connecticut (whose 1-day cash winnings total $5,000)

[next game >>]

Jeopardy! Round responses

(Alex: You have to tell us which one is...)
NOT A SUCCESSFUL RAP MUSICIAN
BRIDGES
POETRY & THEE
TRADEMARKS
"PUMP" UP
THE JAMES
    $200 1
Ice Berg

Casey
    $200 6
the Golden Gate Bridge

Caitlin
    $200 26
(T.S.) Eliot

Casey
    $200 9
Scotch

Jason
    $200 14
the Great Pumpkin

Casey
    $200 16
(Casey: Who is Monroe?)

Polk

CaseyJason
    $400 2
Corn Dogg

Caitlin
    $400 7
(Casey: What is... Italy?)
...
(Alex: Millau, [*]. Caitlin, back to you. Jason's upset he didn't ring in.)

France

Casey
Triple Stumper
    $400 27
(Alfred, Lord) Tennyson

Casey
    $400 10
AstroTurf

Caitlin
    $400 15
pumpernickel

Jason
    $400 17
Chesapeake Bay

Jason
    $600 3
MC Medium

Jason
    $600 8
Lisbon

Jason
    $600 28
(Maya) Angelou

Casey
    $500 11
(Caitlin: Uh...)
(Alex: Caitlin?)
(Caitlin: I don't know.)

Chiclets

Caitlin
    $600 21
a breast pump

Jason
    $600 18
(Caitlin: Who is Fulton?)

(James) Watt

Caitlin
Triple Stumper
    $800 4
Boogaloo B

Jason
    $800 24
Scotland

Casey
    $800 29
[The end-of-round signal sounds.]

Poe

Caitlin
    $800 12
(Casey: What is Teflon?)

Kevlar

CaseyCaitlin
    $800 22
(Casey: What is an air pump?)

pump action

Casey
Triple Stumper
    $800 19
the transporter machine

Jason
    $1000 5
Xtremanator

Caitlin
    $1000 25
(Alex: We have less than a minute to deal with that last category.)

John Roebling

Triple Stumper
    $1000 13
Jet Skis

Caitlin
    $1000 23
sump pump

Jason
    $1000 20
(Alex: Great trumpeter--[*].)

Harry James

Triple Stumper

Scores at the first commercial break (after clue 15):

Casey Jason Caitlin
-$800 $2,600 $3,300

Scores at the end of the Jeopardy! Round:

Casey Jason Caitlin
$200 $5,600 $3,500

Double Jeopardy! Round responses

THE BIG RED WON
WORDS THAT START WITH CONJUNCTIONS
MANAGEMENT
UNUSUAL TV FIRST NAMES
AN AUTOBIOGRAPHICAL CATEGORY
ON PORPOISE
    $400 21
Kabul

Jason
    $400 1
(Alex: The conjunction is "but", and the word is [*].)

butterfingers

Triple Stumper
    $400 8
all hands

Casey
    $400 2
Morticia Addams

Jason
    $400 7
a tsunami

Jason
    $400 18
killer whale

Casey
    $800 22
Whites

Triple Stumper
    $800 14
forage

Triple Stumper
    $800 11
micro

Casey
    $800 3
Milhouse

Casey
    $800 9
Steve Martin

Casey
    $800 19
echolocation (sonar accepted)

Jason
    $1200 23
(the Battle of) Stalingrad

Caitlin
    $1200 15
ordeal

Triple Stumper
    $1200 16
chief financial officer

Caitlin
    $1200 4
(Caitlin: What is Sky?)

Skyler

CaseyCaitlin
    $1200 10
(Fidel) Castro

Jason
    $1200 25
(Casey: What are fins?)
(Caitlin: What are their snouts?)

teeth

CaseyCaitlin
Triple Stumper
    $1600 24
(Caitlin: What is Norway?)
[Initially ruled incorrect; Caitlin was returned her money before Final Jeopardy! because Finland is principally to the northwest, not the northeast, of the Soviet Union, "and that may have confused Caitlin".]

Finland

Casey
    $1600 28
[The end-of-round signal sounds.]

Andes

Casey
    $1,000 17
(Caitlin: Gosh...)
(Alex: Caitlin?)
(Caitlin: What is Rolodex?)

institutional

Caitlin
    $1600 5
Cosmo

Caitlin
    $1600 12
Chelsea Handler

Casey
    $1600 26
pig fish

Casey
    $2000 20
a 360 (review)

Jason
    $2000 6
Gemma

Caitlin
    $1,800 13
(Casey: What is Sole Survivor?)
(Alex: Oh, darn, you're so close. It's not Sole Survivor, it's [*].)

Lone Survivor

Casey
    $2000 27
the Gulf of California

Triple Stumper

Scores at the end of the Double Jeopardy! Round:

Casey Jason Caitlin
$8,000 $10,800 $6,100

[wagering suggestions for these scores]

Final Jeopardy! Round responses

THE SUPREME COURT
(Alex: [To Caitlin] "Perhaps fittingly" because he wound up as Chief Justice of the United States.)
...
(Alex: Jason, you wrote something down quickly. You're shaking your head because you crossed off "[*]".)
(Jason: I had it right.)
(Alex: And you went to one of the presidents we gave you in the clue. A serious mistake, and it'll cost you $4,200.)
CaitlinWho is Taft
$6,100
CaseyWho is Reagan
$3,800
JasonWho is Taft FDR
$4,200
(William Howard) Taft

Final scores:

Casey Jason Caitlin
$4,200 $6,600 $12,200
3rd place: $1,000 2nd place: $2,000 New champion: $12,200

Game dynamics:

Coryat scores:

Casey Jason Caitlin
$9,800 $10,800 $7,600
16 R,
6 W
(including 1 DD)
16 R,
0 W
11 R,
5 W
(including 2 DDs)

Combined Coryat: $28,200

The J! Archive is created by fans, for fans. The Jeopardy! game show and all elements thereof, including but not limited to copyright and trademark thereto, are the property of Jeopardy Productions, Inc. and are protected under law. This website is not affiliated with, sponsored by, or operated by Jeopardy Productions, Inc. Join the discussion at JBoard.tv.